000 nam a22 4500
999 _c20459
_d20459
008 170119b xxu||||| |||| 00| 0 eng d
020 _a9781618531070
020 _a9781618531063
050 _aHF 5636 .F56 2015
100 _aDyckman, Thomas
245 _aFinancial and management accounting for decision makers/
250 _a2nd ed.
260 _bCambridge Business Publishers,
_cc2015
300 _axix, 1148p. :
_bill. ;
_c28 cm.
650 _aAccounting.
700 _aMagee, Robert
700 _aPfeiffer, Glenn
700 _aHartgraves, Al L.
700 _aMorse, Wayne
942 _2lcc
_cBOOKS
_hHF 5636 .F56 2015